Vector Calculus, Theory of Equations and Numerical Methods : (Record no. 600)

000 -LEADER
fixed length control field 00873nam a2200241 a 4500
008 - FIXED-LENGTH DATA ELEMENTS--GENERAL INFORMATION
fixed length control field 190924r20112014ii ||||g |||| 001 0 eng d
020 ## - INTERNATIONAL STANDARD BOOK NUMBER
International Standard Book Number 9789327216127
Terms of availability Rs. 130.00
040 ## - CATALOGING SOURCE
Original cataloging agency IMU Kochi Library
Language of cataloging eng
041 0# - LANGUAGE CODE
Language code of text/sound track or separate title eng
044 ## - COUNTRY OF PUBLISHING/PRODUCING ENTITY CODE
MARC country code India
082 04 - DEWEY DECIMAL CLASSIFICATION NUMBER
Edition number 23
Classification number 515.63
Item number P644
100 1# - MAIN ENTRY--PERSONAL NAME
Personal name Pillay, Janardhanan C. P.
245 10 - TITLE STATEMENT
Title Vector Calculus, Theory of Equations and Numerical Methods :
Sub Title According to M.G. University Syllabus for B.Sc. 4th Semester Core course students /
260 ## - PUBLICATION, DISTRIBUTION, ETC. (IMPRINT)
Place of publication, distribution, etc New Delhi :
Name of publisher, distributor, etc Kalyani Publishers,
Date of publication, distribution, etc 2011, reprint 2014
300 ## - PHYSICAL DESCRIPTION
Extent 307 p. ;
Dimensions 21.5 cm.
650 #0 - SUBJECT ADDED ENTRY--TOPICAL TERM
Topical term or geographic name as entry element Calculus, Integral
Form subdivision Textbooks
650 #0 - SUBJECT ADDED ENTRY--TOPICAL TERM
Topical term or geographic name as entry element Vector Analysis
General subdivision Vector Fields
Form subdivision Textbooks
650 #0 - SUBJECT ADDED ENTRY--TOPICAL TERM
Topical term or geographic name as entry element Geometry, Differential
General subdivision Generalized spaces
Form subdivision Textbooks
700 1# - ADDED ENTRY--PERSONAL NAME
Personal name Vijayalakshmy, V. G.
Relator term Joint Author
852 ## - LOCATION/CALL NUMBER
Location IMU Kochi Library
904 ## - LOCAL DATA ELEMENT D, LDD (RLIN)
CATALOGER Shine Joy
942 ## - ADDED ENTRY ELEMENTS (KOHA)
Item type Books
Holdings
Withdrawn status Lost status Source of classification or shelving scheme Damaged status Not for loan Collection code Permanent location Current location Shelving location Date acquired Source of acquisition Cost, normal purchase price Full call number Barcode Date last seen Koha item type Public note
          Mathematics IMU Kochi Library IMU Kochi Library General Stacks 2014-03-25 Reference Book Shop (Inv. No. 311 Dt 2014-03-21) 130.00 515.63 P644 BK001059 2019-09-24 Books Gen. Shelf-8, Row-1
          Mathematics IMU Kochi Library IMU Kochi Library General Stacks 2014-03-25 Reference Book Shop (Inv. No. 311 Dt 2014-03-21) 130.00 515.63 P644 BK001060 2019-09-24 Books Gen. Shelf-8, Row-1
          Mathematics IMU Kochi Library IMU Kochi Library General Stacks 2014-03-25 Reference Book Shop (Inv. No. 311 Dt 2014-03-21) 130.00 515.63 P644 BK001061 2019-09-24 Books Gen. Shelf-8, Row-1
          Mathematics IMU Kochi Library IMU Kochi Library General Stacks 2014-03-25 Reference Book Shop (Inv. No. 311 Dt 2014-03-21) 130.00 515.63 P644 BK001062 2019-09-24 Books Gen. Shelf-8, Row-1


Copyright © All Rights Reserved by Indian Maritime University, Kochi Campus.
For any Suggestions/Query Contact to library or Email: library.kochi@imu.ac.in Ph:(0484)-2989402
(Web OPAC Designed by Rudra Ranjan. Maintained by IMU Kochi Library)

Powered by Koha